<?xml version="1.0" encoding="UTF-8"?>
<record
    xmlns:xsi="http://www.w3.org/2001/XMLSchema-instance"
    xsi:schemaLocation="http://www.loc.gov/MARC21/slim http://www.loc.gov/standards/marcxml/schema/MARC21slim.xsd"
    xmlns="http://www.loc.gov/MARC21/slim">

  <leader>01794nam a22001337a 4500</leader>
  <datafield tag="999" ind1=" " ind2=" ">
    <subfield code="c">533066</subfield>
    <subfield code="d">533066</subfield>
  </datafield>
  <controlfield tag="008">260421b           ||||| |||| 00| 0 eng d</controlfield>
  <datafield tag="100" ind1=" " ind2=" ">
    <subfield code="a">Gervais, Bryan T. and  Morris, Irwin L. </subfield>
    <subfield code="9">60136</subfield>
  </datafield>
  <datafield tag="245" ind1=" " ind2=" ">
    <subfield code="a">Does inflammatory rhetoric boost support for political violence? Considering the role of geographic context</subfield>
  </datafield>
  <datafield tag="260" ind1=" " ind2=" ">
    <subfield code="a">Political Research Quarterly </subfield>
  </datafield>
  <datafield tag="300" ind1=" " ind2=" ">
    <subfield code="a">78(4), Dec, 2025: p.1544-1558</subfield>
  </datafield>
  <datafield tag="520" ind1=" " ind2=" ">
    <subfield code="a">There has been significant speculation about the role that inflammatory elite rhetoric has played in sparking support for political violence in the United States. However, the extent to which uncivil and intolerant rhetoric contributes to support for political violence remains unclear. Similarly, the impact of racial/ethnic context on attitudes towards political violence is unclear. We report on the results from three experiments that included various measures of uncivil/intolerant rhetoric, geographic context, and political violence. Across our diverse set of experiments, we find that local racial heterogeneity is strongly associated with increased support for political violence. However, we find little evidence that inflammatory rhetoric, directly or indirectly, bolsters support for partisan violence. While our results cast doubt on the claim that inflammatory rhetoric from elites is responsible for bolstering broad support for partisan violence among Americans, they do suggest that increased heterogeneity may bolster support for political violence regardless of rhetoric elites adopt.-Reproduced 


https://journals.sagepub.com/doi/full/10.1177/10659129251370693?_gl=1*17119rx*_up*MQ..*_ga*MjMzNjk2NTEzLjE3NzY3NTE
3ODE.*_ga_60R758KFDG*czE3NzY3NTE3ODAkbzEkZzEkdDE3NzY3NTE4MDQkajM2JGwwJGgyNTQ0NDIwNjg.</subfield>
  </datafield>
  <datafield tag="773" ind1=" " ind2=" ">
    <subfield code="a">Political Research Quarterly </subfield>
  </datafield>
  <datafield tag="942" ind1=" " ind2=" ">
    <subfield code="c">AR</subfield>
  </datafield>
  <datafield tag="952" ind1=" " ind2=" ">
    <subfield code="0">0</subfield>
    <subfield code="1">0</subfield>
    <subfield code="2">ddc</subfield>
    <subfield code="4">0</subfield>
    <subfield code="7">0</subfield>
    <subfield code="9">408237</subfield>
    <subfield code="a">IIPA</subfield>
    <subfield code="b">IIPA</subfield>
    <subfield code="d">2026-04-21</subfield>
    <subfield code="h">78(4), Dec, 2025: p.1544-1558</subfield>
    <subfield code="p">AR138578</subfield>
    <subfield code="r">2026-04-21</subfield>
    <subfield code="y">AR</subfield>
  </datafield>
</record>
